|
|
|
|
| LEADER |
00000cam a2200000 i 4500 |
| 001 |
1/80367 |
| 008 |
980911s1988 gr | ||| |||| ||gre|| |
| 035 |
|
|
|l 10033428
|
| 040 |
|
|
|a GR-MY-UA
|b gre
|e aacr
|
| 041 |
0 |
|
|a gre
|
| 082 |
7 |
|
|a 372.8909495
|2 (22)
|
| 245 |
0 |
0 |
|a Στα αρχαία χρόνια :
|b ιστορία Δ' δημοτικού ; βιβλίο για το δάσκαλο /
|c Διονύσιος Ακτύπης ... [κ.ά.].
|
| 250 |
|
|
|a 2η έκδ.
|
| 260 |
|
|
|a Αθήνα :
|b Ο.Ε.Δ.Β.,
|c 1988.
|
| 300 |
|
|
|a 201 σ. ;
|c 24 εκ.
|
| 500 |
|
|
|a Ανω του τίτλου: Υπουργείο Εθνικής Παιδείας και Θρησκευμάτων, Παιδαγωγικό Ινστιτούτο, Τμήμα Πρωτοβάθμιας Εκπαίδευσης.
|
| 650 |
0 |
0 |
|a History
|x Study and teaching (Elementary)
|z Greece.
|
| 700 |
1 |
|
|a Ακτύπης, Διονύσιος Α.
|
| 852 |
|
|
|a INST
|b RHODES
|e 19980911
|h 372.8909495 ΣΤΑ
|p 005400000685
|q 005400000685
|t BK
|y 620
|
| 852 |
|
|
|a INST
|b RHODES
|e 19980911
|h 372.8909495 ΣΤΑ
|p 005400000686
|q 005400000686
|t BK
|y 620
|
| 852 |
|
|
|a INST
|b RHODES
|e 19980911
|h 372.8909495 ΣΤΑ
|p 005400000687
|q 005400000687
|t BK
|y 620
|
| 852 |
|
|
|a INST
|b RHODES
|e 19980911
|h 372.8909495 ΣΤΑ
|p 005400000688
|q 005400000688
|t BK
|y 620
|
| 852 |
|
|
|a INST
|b RHODES
|e 19980911
|h 372.8909495 ΣΤΑ
|p 005400000689
|q 005400000689
|t BK
|y 620
|
| 852 |
|
|
|a INST
|b RHODES
|e 19980911
|h 372.8909495 ΣΤΑ
|p 005400000690
|q 005400000690
|t BK
|y 620
|
| 852 |
|
|
|a INST
|b RHODES
|e 19980911
|h 372.8909495 ΣΤΑ
|p 005400000691
|q 005400000691
|t BK
|y 0
|
| 852 |
|
|
|a INST
|b RHODES
|e 19980911
|h 372.8909495 ΣΤΑ
|p 005400000692
|q 005400000692
|t BK
|y 620
|
| 852 |
|
|
|a INST
|b RHODES
|e 19980911
|h 372.8909495 ΣΤΑ
|p 005400000693
|q 005400000693
|t BK
|y 620
|
| 852 |
|
|
|a INST
|b RHODES
|e 19980911
|h 372.8909495 ΣΤΑ
|p 005400000694
|q 005400000694
|t BK
|y 620
|
| 852 |
|
|
|a INST
|b RHODES
|e 19980911
|h 372.8909495 ΣΤΑ
|p 005400000695
|q 005400000695
|t BK
|y 620
|
| 852 |
|
|
|a INST
|b RHODES
|e 19980911
|h 372.8909495 ΣΤΑ
|p 005400000699
|q 005400000699
|t BK
|y 620
|
| 901 |
|
|
|a BIBL-1998-3
|
| 909 |
|
|
|a Ρ
|b 014237
|
| 909 |
|
|
|a Ρ
|b 014238
|
| 909 |
|
|
|a Ρ
|b 014239
|
| 909 |
|
|
|a Ρ
|b 014240
|
| 909 |
|
|
|a Ρ
|b 014241
|
| 909 |
|
|
|a Ρ
|b 014242
|
| 909 |
|
|
|a Ρ
|b 014243
|
| 909 |
|
|
|a Ρ
|b 014244
|
| 909 |
|
|
|a Ρ
|b 014245
|
| 909 |
|
|
|a Ρ
|b 014246
|
| 909 |
|
|
|a Ρ
|b 014247
|
| 909 |
|
|
|a Ρ
|b 014248
|
| 922 |
|
|
|a 4ΕΛΗ
|b 198906
|c ΔΩΡΕΑ
|
| 970 |
|
|
|z 1989/08
|